[Event "Rheinhessen-ch MT"]
[Site "Pfeddersheim"]
[Date "2011.04.22"]
[Round "2"]
[White "Werner, Dimo"]
[Black "Krannich, Annette"]
[Result "1/2-1/2"]
[WhiteElo "2096"]
[BlackElo "1987"]
[PlyCount "64"]
[EventDate "2011.04.21"]
[EventType "swiss"]
[EventRounds "5"]
[EventCountry "GER"]
[SourceTitle "EXT 2012"]
[Source "ChessBase"]
[SourceDate "2011.11.24"]
[SourceVersion "1"]
[SourceVersionDate "2011.11.24"]
[SourceQuality "1"]

1. d4 Nf6 2. Nf3 g6 3. c4 Bg7 4. Nc3 0-0 5. g3 d6 6. Bg2 Nc6 7. 0-0 a6 8. h3 Rb8 9. a3 Na5 10. Nd2 Nd7 11. e3 b5 12. cxb5 axb5 13. b4 Nc4 14. Nxc4 bxc4 15. Qe2 c5 16. Rb1 Nb6 17. bxc5 dxc5 18. dxc5 Bxc3 19. Rxb6 Rxb6 20. cxb6 Qxb6 21. Qxc4 Qa5 22. Qd5 Qxd5 23. Bxd5 Bxh3 24. Rd1 Kg7 25. Rd3 Be5 26. Bd2 Rd8 27. Be4 Rc8 28. Bb4 Rc7 29. Rd5 Bf6 30. Rc5 Ra7 31. Ra5 Rc7 32. Rc5 Ra7 1/2-1/2